UBT Library

Basic Pathology (Record no. 49724)

000 -LEADER
fixed length control field 00278nam a22001337a 4500
008 - FIXED-LENGTH DATA ELEMENTS--GENERAL INFORMATION
fixed length control field 181015b xxu||||| |||| 00| 0 eng d
020 ## - INTERNATIONAL STANDARD BOOK NUMBER
International Standard Book Number 0721676006
041 ## - LANGUAGE CODE
Language code of text/sound track or separate title eng
080 ## - UNIVERSAL DECIMAL CLASSIFICATION NUMBER
Universal Decimal Classification number 616
100 ## - Rafti
Rafti 9
101 ## - Shkurtesa
Shkurtesa PAT
245 ## - TITLE STATEMENT
Title Basic Pathology
Statement of responsibility, etc Robbins
942 ## - ADDED ENTRY ELEMENTS (KOHA)
Source of classification or shelving scheme
Item type Books
Holdings
Withdrawn status Lost status Source of classification or shelving scheme Damaged status Not for loan Collection code Permanent location Current location Shelving location Date acquired Total Checkouts Full call number Barcode Date last seen Price effective from Koha item type
          Koleksioni i përgjithshem UBT - Lipjan UBT - Lipjan Koleksioni i përgjithshem 10/15/2018   616 ROB 002-3015136 10/15/2018 10/15/2018 Books
UBT Library © 2015-2024. All rights reserved University Education for Business and Technology